000 00568cam a22002052 4500
001 sa 68020718
003 DLC
005 20260227112727.0
008 840917s1965 ii 000 0 tibo
010 _asa 68020718
040 _aDLC
_cCarP
_dDLC
043 _aa-cc-ti
050 0 0 _aR603.T5
_bK66 1965
100 0 _aKoṅ-sprul Blo-gros-mthaʼ-yas,
_d1813-1899.
245 1 0 _aZin tig.
260 _aDharamsala,
_bCouncil of Religious Affairs of H. H. the Dalai Lama,
_c1965]
300 _a4, 217 p.
_c17 cm.
500 _aRomanized.
650 0 _aMedicine, Tibetan.
999 _c89572
_d89572